Taylor Swift - Setlist du Reputation Stadium Tour - Statistiques

Statistiques générales
  • Ce quiz a été pris 105 fois
  • Le résultat moyen est 12 sur 19
Statistiques - réponses
Hint Réponse % Correct
Reputation Stadium Tour Setlist ...Ready for It?
99%
Reputation Stadium Tour Setlist I Did Something Bad
91%
Reputation Stadium Tour Setlist Don't Blame Me
87%
Reputation Stadium Tour Setlist Look What You Made Me Do
85%
Reputation Stadium Tour Setlist Delicate
84%
Reputation Stadium Tour Setlist Dress
84%
Reputation Stadium Tour Setlist Getaway Car
77%
Reputation Stadium Tour Setlist King of My Heart
76%
Reputation Stadium Tour Setlist Call It What You Want
75%
Reputation Stadium Tour Setlist End Game
75%
Reputation Stadium Tour Setlist Gorgeous
71%
Reputation Stadium Tour Setlist Dancing With Our Hands Tied
68%
Reputation Stadium Tour Setlist Shake It Off
65%
Reputation Stadium Tour Setlist So It Goes...
52%
Reputation Stadium Tour Setlist Blank Space
51%
Reputation Stadium Tour Setlist Bad Blood & Should've Said No
23%
Reputation Stadium Tour Setlist Style, Love Story & You Belong With Me
23%
Reputation Stadium Tour Setlist Long Live & New Year's Day
21%
Reputation Stadium Tour Setlist We Are Never Ever Getting Back Together & This Is Why We Can't Have Nice Things
21%
Aucun quiz correspondant
Distribution des résultats
% des personnes avec chaque résultat
Percentile par nombre de réponses
Votre historique - résultats
Vous n’avez pas pris ce quiz